LIBRARY ONLINE CATALOGUE

Proclaiming the good news in joyful service and hope : (Record no. 20314)

MARC details
000 -LEADER
fixed length control field 00502nam a22001217a 4500
008 - FIXED-LENGTH DATA ELEMENTS--GENERAL INFORMATION
fixed length control field 230919b |||||||| |||| 00| 0 eng d
020 ## - INTERNATIONAL STANDARD BOOK NUMBER
International Standard Book Number 9966087419
050 ## - LIBRARY OF CONGRESS CALL NUMBER
Classification number BV652.25
Item number .P76 2013
245 ## - TITLE STATEMENT
Title Proclaiming the good news in joyful service and hope :
Remainder of title The Catholic University in 21st century celebrating the silver jubilee of Tangaza University college
Statement of responsibility, etc. Dedan O"Byrne, Beatrice Churu and Jeketule
260 ## - PUBLICATION, DISTRIBUTION, ETC. (IMPRINT)
Place of publication, distribution, etc. Nairobi, Kenya
Name of publisher, distributor, etc. Paulines Publication Africa
Date of publication, distribution, etc. 2013
300 ## - PHYSICAL DESCRIPTION
Extent 198p.
942 ## - ADDED ENTRY ELEMENTS (KOHA)
Source of classification or shelving scheme Library of Congress Classification
Koha item type General Collection
Holdings
Withdrawn status Lost status Source of classification or shelving scheme Not for loan Home library Current library Date acquired Inventory number Total Checkouts Full call number Barcode Date last seen Copy number Price effective from Koha item type
    Library of Congress Classification   Kabarak, Main Campus Kabarak, Main Campus 19/09/2023 2230/2013   BV652.25 .P76 2013 C.1 34390 02/08/2024 C.1 19/09/2023 General Collection